Dance moms, all of Nia's solos - Statistics

General Stats
  • This quiz has been taken 67 times
  • The average score is 13 of 36
Answer Stats
Hint Answer % Correct
TCML They Call Me Laquifa
86%
YD You Do
69%
GM Goodbye Maya
57%
U Underdog
55%
INNO I Need No One
52%
WG Workin' Girl
52%
2S 20's Scat
48%
OSG One Small Girl
48%
B Baila
40%
B Bound
40%
BF Bye Felicia
40%
B Bollywood
38%
C Cookie
38%
GAWM Getting Away With Murder
38%
ILT6 I Like the 60's
38%
NK Never Knew
38%
BBT Broadway Baby Tribute
36%
DTTR Down to the River
36%
IDAFY I'll Do Anything for You
36%
BMH Breaking My Heart
33%
C Corazon
33%
FIP Freedom in Paradise
33%
NMW No Matter What
33%
TCP The Color Purple
33%
MOD Master of Disguise
29%
SS Streetstar
29%
NR No Regrets
26%
AHYFN A Hundred Years From Now
24%
CIDT Can I Do This?
24%
DID Damsel In Distress
24%
HOV House of Voodoo
24%
MMTWGD Money Makes the World Go Down
24%
S Survive
24%
C Cathedral
21%
TGR The Golden Rule
19%
TPL The Promised Land
17%
No matching quizzes found
Score Distribution
Percent of People with Each Score
Percentile by Number Answered
Your Score History
You have not taken this quiz